Geography starting with A - Statistics

General Stats
  • This quiz has been taken 92 times
  • The average score is 9 of 16
Answer Stats
Hint Answer % Correct
Largest country in Africa Algeria
89%
Southwestern U.S. State Arizona
81%
Country bordering Kosovo, North Macedonia, Greece, & Montenegro Albania
80%
Most southern continent Antarctica
80%
Country with the city Alice Springs Australia
76%
Language spoken in South Africa Afrikaans
69%
Canadian province with the capital Edmonton Alberta
69%
Sea to the east of Italy Adriatic
68%
Capital of Paraguay Asunción
65%
Capital of Madagascar Antananarivo
55%
Old name for the capital of Kazakhstan Astana
51%
Largest UN member without an airport Andorra
49%
Largest city in Ivory Coast Abidjan
38%
Largest city in New Mexico Albuquerque
32%
Large peninsula and largest exclave Alaska
27%
Island chain in the aforementioned answer Aleutians
11%
No matching quizzes found
Score Distribution
Percent of People with Each Score
Percentile by Number Answered
Your Score History
You have not taken this quiz